[Event "Hasselbacken op"]
[Site "Stockholm"]
[Date "2016.05.03"]
[Round "4"]
[White "Welling, Gerard J"]
[Black "Fieandt, John"]
[Result "0-1"]
[WhiteElo "2336"]
[BlackElo "2152"]
[PlyCount "84"]
[EventDate "2016.04.30"]
[EventType "swiss"]
[EventRounds "9"]
[EventCountry "SWE"]
[SourceTitle "CBM 172 Extra"]
[Source "ChessBase"]
[SourceDate "2016.06.21"]
[SourceVersion "1"]
[SourceVersionDate "2016.06.21"]
[SourceQuality "1"]

1. d4 Nf6 2. Nf3 g6 3. Nc3 Bg7 4. e4 d6 5. Be3 0-0 6. Qd2 c6 7. Bd3 Qc7 8. Bh6 e5 9. h3 b5 10. dxe5 dxe5 11. a4 b4 12. Ne2 c5 13. b3 Nc6 14. Ng3 Rd8 15. Bxg7 Kxg7 16. Qe3 Nd4 17. Nd2 Be6 18. 0-0 h6 19. Rac1 Rab8 20. Bc4 Ng8 21. Bxe6 Nxe6 22. Nc4 Rd7 23. Rcd1 Rbd8 24. Rxd7 Rxd7 25. Ne2 f6 26. h4 h5 27. Qh3 Nd4 28. Nxd4 Rxd4 29. Qe6 Qd7 30. Qxd7+ Rxd7 31. Ne3 Ne7 32. Rd1 Rxd1+ 33. Nxd1 Nc6 34. Kf1 Kf7 35. Ke2 Ke6 36. Kd3 Nd4 37. Kc4 Kd6 38. Ne3 a6 39. Nd5 f5 40. exf5 gxf5 41. Nf6 Nxc2 42. Nxh5 e4 0-1

[Event "FIN-chT 1415"]
[Site "Finland"]
[Date "2014.09.28"]
[Round "2.6"]
[White "Pulkkinen, Kari"]
[Black "Fieandt, John"]
[Result "1-0"]
[WhiteElo "2266"]
[BlackElo "2181"]
[PlyCount "93"]
[EventDate "2014.09.27"]
[EventType "team-tourn"]
[EventRounds "11"]
[EventCountry "FIN"]
[SourceTitle "CBM 162 Extra"]
[Source "ChessBase"]
[SourceDate "2014.10.17"]
[SourceVersion "1"]
[SourceVersionDate "2014.10.17"]
[SourceQuality "1"]
[WhiteTeam "Espoo MatSK"]
[BlackTeam "Helsinki HSK"]
[WhiteTeamCountry "FIN"]
[BlackTeamCountry "FIN"]

1. e4 c5 2. Nf3 d6 3. d4 cxd4 4. Nxd4 Nf6 5. Nc3 a6 6. Be3 e5 7. Nb3 Be6 8. f3 h5 9. Qd2 Nbd7 10. 0-0-0 Rc8 11. Kb1 h4 12. Be2 Be7 13. g4 b5 14. g5 Nh5 15. Nd5 Bxd5 16. Qxd5 g6 17. Qb7 Nb8 18. f4 Nxf4 19. Bxf4 exf4 20. e5 0-0 21. Bg4 Rc6 22. e6 Qc7 23. exf7+ Kxf7 24. Qxc7 Rxc7 25. Nd4 Rh8 26. Ne6 Rc4 27. Rhf1 Nc6 28. Nxf4 Ke8 29. Be6 Rd4 30. Rxd4 Nxd4 31. Nxg6 Rh7 32. Bg4 Rg7 33. c3 Nc6 34. Bh5 Kd8 35. Nf4 Kd7 36. Bg4+ Ke8 37. Ne6 Rg8 38. g6 Ne5 39. Bh5 Kd7 40. Nd4 Bg5 41. h3 Nxg6 42. Bg4+ Ke7 43. Nf5+ Kd8 44. Nxd6 Bf4 45. Nf5 Bg5 46. Nd4 Bh6 47. Rf6 1-0

[Event "FIN-chT 1213"]
[Site "Finland"]
[Date "2013.01.12"]
[Round "8.6"]
[White "Fieandt, John"]
[Black "Salimaki, Janne"]
[Result "1-0"]
[WhiteElo "2159"]
[BlackElo "2157"]
[PlyCount "79"]
[EventDate "2012.09.28"]
[EventType "team-tourn"]
[EventRounds "11"]
[EventCountry "FIN"]
[SourceTitle "EXT 2014"]
[Source "ChessBase"]
[SourceDate "2013.11.20"]
[SourceVersion "1"]
[SourceVersionDate "2013.11.20"]
[SourceQuality "1"]
[WhiteTeam "Helsinki HSK"]
[BlackTeam "Espoo MatSK II"]
[WhiteTeamCountry "FIN"]
[BlackTeamCountry "FIN"]

1. e4 g6 2. d4 Bg7 3. Nc3 d6 4. f4 a6 5. Bc4 b5 6. Bb3 Nc6 7. Nf3 Na5 8. 0-0 Nxb3 9. axb3 c6 10. f5 Nf6 11. fxg6 fxg6 12. e5 dxe5 13. Nxe5 Qb6 14. Be3 0-0 15. Qd2 Bb7 16. b4 Rad8 17. Rad1 Qc7 18. Bh6 Rxd4 19. Qxd4 Bxh6 20. Ng4 Bg7 21. Nxf6+ Bxf6 22. Qe3 Kg7 23. Qc5 Be5 24. Rxf8 Kxf8 25. h3 Bd6 26. Qd4 Kg8 27. Ne4 c5 28. bxc5 Bh2+ 29. Kh1 Qf4 30. Nf6+ Qxf6 31. Qxf6 exf6 32. Kxh2 Be4 33. Rd6 Kf7 34. c3 a5 35. Rb6 Bd3 36. Kg3 h5 37. Kf3 h4 38. Rd6 Bf1 39. Rd4 Ke6 40. c6 1-0

[Event "FIN-chT 1213"]
[Site "Finland"]
[Date "2012.10.27"]
[Round "4.7"]
[White "Hartio, Ilkka"]
[Black "Fieandt, John"]
[Result "1/2-1/2"]
[WhiteElo "2073"]
[BlackElo "2159"]
[PlyCount "54"]
[EventDate "2012.09.28"]
[EventType "team-tourn"]
[EventRounds "11"]
[EventCountry "FIN"]
[SourceTitle "EXT 2013"]
[Source "ChessBase"]
[SourceDate "2012.11.22"]
[SourceVersion "1"]
[SourceVersionDate "2012.11.22"]
[SourceQuality "1"]
[WhiteTeam "Jyvaskyla JyS"]
[BlackTeam "Helsinki HSK"]
[WhiteTeamCountry "FIN"]
[BlackTeamCountry "FIN"]

1. e4 c5 2. c3 d6 3. d4 Nf6 4. Bd3 Nc6 5. Nf3 Bg4 6. Qa4 Bd7 7. Qb3 Na5 8. Qc2 cxd4 9. Nxd4 Rc8 10. Nd2 g6 11. 0-0 Bg7 12. N2f3 Nc6 13. Nxc6 Bxc6 14. Nd4 Bd7 15. Qe2 0-0 16. Bg5 a6 17. Rfe1 Qa5 18. Qd2 Rfe8 19. Nb3 Qc7 20. Rad1 Ng4 21. h3 Ne5 22. f4 Nxd3 23. Qxd3 Ba4 24. Qe3 Qc4 25. Qb6 Qb5 26. Qxb5 Bxb5 27. Nd4 Bd7 1/2-1/2

[Event "FIN-chT 1213"]
[Site "Finland"]
[Date "2012.09.30"]
[Round "2.5"]
[White "Fieandt, John"]
[Black "Salo, Heikki"]
[Result "1-0"]
[WhiteElo "2159"]
[BlackElo "2267"]
[PlyCount "89"]
[EventDate "2012.09.28"]
[EventType "team-tourn"]
[EventRounds "11"]
[EventCountry "FIN"]
[SourceTitle "CBM 150 Extra"]
[Source "ChessBase"]
[SourceDate "2012.10.19"]
[SourceVersion "1"]
[SourceVersionDate "2012.10.19"]
[SourceQuality "1"]
[WhiteTeam "Helsinki HSK"]
[BlackTeam "Vantaa"]
[WhiteTeamCountry "FIN"]
[BlackTeamCountry "FIN"]

1. d4 Nf6 2. c4 e6 3. g3 d5 4. Nf3 Be7 5. Bg2 0-0 6. 0-0 Nbd7 7. Qc2 c6 8. Nbd2 b6 9. e4 dxe4 10. Nxe4 Nxe4 11. Qxe4 Ba6 12. Qc2 Rc8 13. Bf4 Bb7 14. Rfd1 Re8 15. h4 Bf8 16. Ng5 g6 17. Ne4 Nf6 18. Be5 Nxe4 19. Qxe4 f6 20. Bf4 Qe7 21. Rac1 Rcd8 22. Re1 Qd7 23. Red1 Ba8 24. Qe2 Qf7 25. c5 bxc5 26. dxc5 e5 27. Be3 Qxa2 28. Ra1 Qf7 29. Qa6 Rxd1+ 30. Rxd1 Qc7 31. h5 Re7 32. hxg6 hxg6 33. Rd6 Rf7 34. Rd1 Rd7 35. Ra1 Kg7 36. b4 Be7 37. Qc4 Bf8 38. Qh4 g5 39. Qg4 Bb7 40. Rxa7 Qd8 41. Be4 Bc8 42. Qh5 Kg8 43. Ra8 Rc7 44. Bf5 e4 45. Rxc8 1-0

[Event "FIN Team Cup"]
[Site "Finland"]
[Date "2012.03.31"]
[Round "2.2"]
[White "Kokko, Esa"]
[Black "Fieandt, John"]
[Result "1/2-1/2"]
[WhiteElo "1882"]
[BlackElo "2178"]
[PlyCount "40"]
[EventDate "2012.03.31"]
[EventType "team-k.o."]
[EventRounds "6"]
[EventCountry "FIN"]
[SourceTitle "EXT 2022"]
[Source "ChessBase"]
[SourceDate "2021.10.06"]
[SourceVersion "1"]
[SourceVersionDate "2021.10.06"]
[SourceQuality "1"]
[WhiteTeam "Espoo SK II"]
[BlackTeam "Helsinki HSK"]
[WhiteTeamCountry "FIN"]
[BlackTeamCountry "FIN"]

1. d4 Nf6 2. c4 g6 3. Nf3 Bg7 4. g3 d5 5. Bg2 0-0 6. 0-0 c6 7. Qb3 dxc4 8. Qxc4 Be6 9. Qb4 Nd5 10. Qxb7 Qb6 11. Qxb6 axb6 12. Bd2 Na6 13. Nc3 Ra7 14. a3 c5 15. Nb5 Rd7 16. e4 Ndc7 17. Nxc7 Nxc7 18. d5 Bg4 19. Bc3 Bxf3 20. Bxf3 f5 1/2-1/2

[Event "FIN-chT 1112"]
[Site "Finland"]
[Date "2012.03.11"]
[Round "11.7"]
[White "Manninen, Anssi"]
[Black "Fieandt, John"]
[Result "1-0"]
[WhiteElo "2071"]
[BlackElo "2186"]
[PlyCount "103"]
[EventDate "2011.09.17"]
[EventType "team-tourn"]
[EventRounds "11"]
[EventCountry "FIN"]
[SourceTitle "EXT 2013"]
[Source "ChessBase"]
[SourceDate "2012.11.22"]
[SourceVersion "1"]
[SourceVersionDate "2012.11.22"]
[SourceQuality "1"]
[WhiteTeam "Oulu OSS"]
[BlackTeam "Helsinki HSK"]
[WhiteTeamCountry "FIN"]
[BlackTeamCountry "FIN"]

1. d4 Nf6 2. c4 g6 3. Nc3 d5 4. cxd5 Nxd5 5. e4 Nxc3 6. bxc3 Bg7 7. Bc4 c5 8. Ne2 Nc6 9. Be3 0-0 10. 0-0 Bg4 11. f3 Bd7 12. dxc5 Qc7 13. Qc2 Ne5 14. Bb3 Bb5 15. Rfd1 Nd7 16. Nf4 e6 17. Bxe6 fxe6 18. Nxe6 Qa5 19. Nxg7 Kxg7 20. Bd4+ Kg8 21. Qb3+ Rf7 22. a4 Bc6 23. Qb4 Qc7 24. Bf2 Qe5 25. Rd6 Qg5 26. Kh1 Re8 27. Bd4 Qd2 28. Bg1 Qe2 29. Qb3 Rxe4 30. Rxc6 bxc6 31. fxe4 Qxe4 32. Rf1 Qe7 33. Bd4 Kf8 34. Rxf7+ Qxf7 35. Qxf7+ Kxf7 36. Kg1 Ke6 37. Kf2 Kd5 38. Ke3 Kc4 39. Kf4 h6 40. h4 a5 41. g4 Kb3 42. h5 gxh5 43. gxh5 Kxa4 44. Kf5 Kb3 45. Ke6 Nb8 46. Bg7 a4 47. Bxh6 a3 48. c4 Na6 49. Bg7 Nxc5+ 50. Ke7 Ne4 51. h6 Ng5 52. Kf6 1-0

[Event "FIN-chT 1112"]
[Site "Finland"]
[Date "2012.03.10"]
[Round "10.7"]
[White "Olander, Aleksi"]
[Black "Fieandt, John"]
[Result "1/2-1/2"]
[WhiteElo "2074"]
[BlackElo "2186"]
[PlyCount "44"]
[EventDate "2011.09.17"]
[EventType "team-tourn"]
[EventRounds "11"]
[EventCountry "FIN"]
[SourceTitle "EXT 2013"]
[Source "ChessBase"]
[SourceDate "2012.11.22"]
[SourceVersion "1"]
[SourceVersionDate "2012.11.22"]
[SourceQuality "1"]
[WhiteTeam "Turku"]
[BlackTeam "Helsinki HSK"]
[WhiteTeamCountry "FIN"]
[BlackTeamCountry "FIN"]

1. d4 Nf6 2. c4 g6 3. g3 Bg7 4. Bg2 0-0 5. Nf3 d5 6. cxd5 Nxd5 7. Nc3 Nb6 8. 0-0 Nc6 9. e3 Re8 10. Qb3 e5 11. d5 Na5 12. Qc2 e4 13. Nd4 Nxd5 14. Bxe4 Nxc3 15. bxc3 Nc4 16. Bg2 c6 17. Qb3 Nb6 18. Ba3 Qf6 19. c4 Nd7 20. Rab1 Ne5 21. h3 Be6 22. Nxe6 Qxe6 1/2-1/2

[Event "FIN-chT 1112"]
[Site "Finland"]
[Date "2012.02.11"]
[Round "8.5"]
[White "Anttila, Perttu"]
[Black "Fieandt, John"]
[Result "0-1"]
[WhiteElo "2129"]
[BlackElo "2186"]
[PlyCount "80"]
[EventDate "2011.09.17"]
[EventType "team-tourn"]
[EventRounds "11"]
[EventCountry "FIN"]
[SourceTitle "EXT 2013"]
[Source "ChessBase"]
[SourceDate "2012.11.22"]
[SourceVersion "1"]
[SourceVersionDate "2012.11.22"]
[SourceQuality "1"]
[WhiteTeam "Vantaa"]
[BlackTeam "Helsinki HSK"]
[WhiteTeamCountry "FIN"]
[BlackTeamCountry "FIN"]

1. d4 Nf6 2. c4 g6 3. Nc3 d5 4. Bg5 Bg7 5. Bxf6 Bxf6 6. Nxd5 Bg7 7. e3 c5 8. Nf3 Nc6 9. Qd2 e6 10. Nc3 cxd4 11. Nb5 dxe3 12. Qxd8+ Kxd8 13. 0-0-0+ Ke7 14. fxe3 a6 15. Nbd4 Bh6 16. Nxc6+ bxc6 17. Ne5 Bxe3+ 18. Kc2 c5 19. Be2 a5 20. Bf3 Ra6 21. Bb7 Bxb7 22. Rd7+ Kf6 23. Ng4+ Kg5 24. Rxb7 Kxg4 25. Rxf7 e5 26. Rhf1 h5 27. R1f3 Bf4 28. h3+ Kh4 29. Rc7 Rd8 30. Kc3 g5 31. Rxc5 g4 32. hxg4 hxg4 33. Rf1 Kg3 34. Rd5 Kxg2 35. Rfd1 Rxd5 36. cxd5 Rd6 37. Kc4 g3 38. Kc5 e4 39. Kd4 e3 40. Ke4 e2 0-1

[Event "FIN-chT 1112"]
[Site "Finland"]
[Date "2011.10.15"]
[Round "3.5"]
[White "Fieandt, John"]
[Black "Ahvenjarvi, Jani"]
[Result "0-1"]
[WhiteElo "2186"]
[BlackElo "2118"]
[PlyCount "96"]
[EventDate "2011.09.17"]
[EventType "team-tourn"]
[EventRounds "11"]
[EventCountry "FIN"]
[SourceTitle "CBM 144 Extra"]
[Source "ChessBase"]
[SourceDate "2011.10.28"]
[SourceVersion "1"]
[SourceVersionDate "2011.10.28"]
[SourceQuality "1"]
[WhiteTeam "Helsinki HSK"]
[BlackTeam "Sastamala VammSK"]
[WhiteTeamCountry "FIN"]
[BlackTeamCountry "FIN"]

1. d4 Nf6 2. c4 e6 3. g3 Bb4+ 4. Bd2 Be7 5. Bg2 d5 6. Nf3 0-0 7. 0-0 c6 8. Qc2 b6 9. Ne5 Bb7 10. Bc3 Nbd7 11. Nxd7 Qxd7 12. Nd2 dxc4 13. Nxc4 c5 14. Bxb7 Qxb7 15. dxc5 Bxc5 16. Bxf6 gxf6 17. Qc3 Be7 18. Rac1 Rfd8 19. Qb3 Rac8 20. Ne3 Qa6 21. Rc4 Rxc4 22. Nxc4 Rc8 23. Ne3 Qxe2 24. Qa4 Rd8 25. b4 a6 26. a3 Qb5 27. Qc2 f5 28. Rd1 Rxd1+ 29. Qxd1 Bf6 30. Qd6 Kg7 31. a4 Qxa4 32. Qxb6 Bc3 33. Qd8 h6 34. Qb6 Qa1+ 35. Kg2 Bd4 36. Qd6 Qb2 37. Kf3 Bxe3 38. Kxe3 Qb3+ 39. Kd4 Qb2+ 40. Kc5 Qxf2+ 41. Kc6 Qe2 42. h4 Qb5+ 43. Kc7 a5 44. bxa5 Qxa5+ 45. Kc8 Qd5 46. Qf4 e5 47. Qf2 e4 48. Kc7 Qe5+ 0-1

[Event "FIN Team Cup"]
[Site "Finland"]
[Date "2011.05.22"]
[Round "2.5"]
[White "Salo, Heikki"]
[Black "Fieandt, John"]
[Result "1/2-1/2"]
[WhiteElo "2240"]
[BlackElo "2183"]
[PlyCount "37"]
[EventDate "2011.03.26"]
[EventType "team-k.o."]
[EventRounds "5"]
[EventCountry "FIN"]
[SourceTitle "EXT 2022"]
[Source "ChessBase"]
[SourceDate "2021.10.06"]
[SourceVersion "1"]
[SourceVersionDate "2021.10.06"]
[SourceQuality "1"]
[WhiteTeam "Vantaa EtVaS"]
[BlackTeam "Helsinki HSK"]
[WhiteTeamCountry "FIN"]
[BlackTeamCountry "FIN"]

1. d4 Nf6 2. c4 g6 3. Nc3 d5 4. Bg5 Bg7 5. Nf3 dxc4 6. e3 Be6 7. Nd2 Nd5 8. Nxd5 Qxd5 9. Bf4 Qa5 10. Qc2 0-0 11. Bxc4 Bxc4 12. Qxc4 Nc6 13. Qc3 Qd5 14. Nf3 Rfe8 15. 0-0 e5 16. dxe5 Nxe5 17. Nxe5 Bxe5 18. Bxe5 Qxe5 19. Rac1 1/2-1/2

[Event "FIN-chT 1011"]
[Site "Finland"]
[Date "2011.03.12"]
[Round "8.7"]
[White "Fieandt, John"]
[Black "Halmeenmaki, Tuomo"]
[Result "1/2-1/2"]
[WhiteElo "2182"]
[BlackElo "2160"]
[PlyCount "70"]
[EventDate "2010.09.18"]
[EventType "team-tourn"]
[EventRounds "9"]
[EventCountry "FIN"]
[SourceTitle "EXT 2012"]
[Source "ChessBase"]
[SourceDate "2011.11.24"]
[SourceVersion "1"]
[SourceVersionDate "2011.11.24"]
[SourceQuality "1"]
[WhiteTeam "Helsinki SSK"]
[BlackTeam "Betfair Aatos"]
[WhiteTeamCountry "FIN"]
[BlackTeamCountry "FIN"]

1. e4 Nc6 2. Nf3 d6 3. d4 Nf6 4. Nc3 Bg4 5. d5 Nb8 6. h3 Bxf3 7. Qxf3 g6 8. g4 h5 9. g5 Nfd7 10. Bd2 Bg7 11. Qe2 c5 12. f4 a6 13. Bg2 Qc7 14. Rf1 Nb6 15. e5 dxe5 16. f5 gxf5 17. Rxf5 N8d7 18. 0-0-0 Nc8 19. Ne4 Nd6 20. Nxd6+ Qxd6 21. Rdf1 f6 22. Bf3 0-0-0 23. Ba5 Rdf8 24. Bxh5 fxg5 25. Bg4 Kb8 26. Bc3 Rxf5 27. Bxf5 Nb6 28. Re1 Nxd5 29. Bxe5 Bxe5 30. Qxe5 Qxe5 31. Rxe5 Nf4 32. Rxe7 Nxh3 33. Rg7 Rh4 34. Bxh3 Rxh3 35. Rxg5 b6 1/2-1/2

[Event "FIN-chT 0910"]
[Site "Finland"]
[Date "2009.11.14"]
[Round "4.6"]
[White "Fieandt, John"]
[Black "Pohjala, Henri"]
[Result "1/2-1/2"]
[WhiteElo "2185"]
[BlackElo "2164"]
[PlyCount "53"]
[EventDate "2009.09.19"]
[EventType "team-tourn"]
[EventRounds "9"]
[EventCountry "FIN"]
[SourceTitle "EXT 2022"]
[Source "ChessBase"]
[SourceDate "2021.10.06"]
[SourceVersion "1"]
[SourceVersionDate "2021.10.06"]
[SourceQuality "1"]
[WhiteTeam "Helsinki HSK"]
[BlackTeam "Sastamala VammSK"]
[WhiteTeamCountry "FIN"]
[BlackTeamCountry "FIN"]

1. e4 d5 2. exd5 Qxd5 3. Nf3 Bg4 4. Be2 Nf6 5. d4 e6 6. h3 Bf5 7. c4 Qa5+ 8. Nbd2 c6 9. 0-0 Nbd7 10. a3 Qc7 11. b4 a5 12. bxa5 Qxa5 13. Qb3 Be7 14. Qxb7 0-0 15. Nh4 Rab8 16. Qxc6 Ne5 17. dxe5 Qxe5 18. Nxf5 exf5 19. Rb1 Qxe2 20. Rxb8 Rxb8 21. Qc7 Rd8 22. Nf3 Rd1 23. Nd2 Rxc1 24. Rxc1 Qxd2 25. Qc8+ Bf8 26. Rb1 Qc2 27. Rb8 1/2-1/2

[Event "FIN-chT 0910"]
[Site "Finland"]
[Date "2009.09.20"]
[Round "1.6"]
[White "Fieandt, John"]
[Black "Koskinen, Henri"]
[Result "1/2-1/2"]
[WhiteElo "2185"]
[BlackElo "2297"]
[PlyCount "38"]
[EventDate "2009.09.19"]
[EventType "team-tourn"]
[EventRounds "9"]
[EventCountry "FIN"]
[SourceTitle "EXT 2022"]
[Source "ChessBase"]
[SourceDate "2021.10.06"]
[SourceVersion "1"]
[SourceVersionDate "2021.10.06"]
[SourceQuality "1"]
[WhiteTeam "Helsinki HSK"]
[BlackTeam "Vantaa EtVaS"]
[WhiteTeamCountry "FIN"]
[BlackTeamCountry "FIN"]

1. d4 d6 2. e4 Nf6 3. Nc3 e5 4. Nf3 Nbd7 5. Bc4 Be7 6. 0-0 0-0 7. Re1 c6 8. a4 a5 9. h3 exd4 10. Nxd4 Nc5 11. Bf4 Be6 12. Nxe6 fxe6 13. Bxd6 Bxd6 14. e5 Nd5 15. exd6 Qxd6 16. Ne4 Nxe4 17. Rxe4 Rf4 18. Qe2 Rxe4 19. Qxe4 Rf8 1/2-1/2

[Event "FIN-chT 0809"]
[Site "Finland"]
[Date "2008.10.04"]
[Round "3.7"]
[White "Alho, Sauli"]
[Black "Fieandt, John"]
[Result "1-0"]
[WhiteElo "2141"]
[BlackElo "2174"]
[PlyCount "105"]
[EventDate "2008.09.06"]
[EventType "team-tourn"]
[EventRounds "9"]
[EventCountry "FIN"]
[SourceTitle "EXT 2022"]
[Source "ChessBase"]
[SourceDate "2021.10.06"]
[SourceVersion "1"]
[SourceVersionDate "2021.10.06"]
[SourceQuality "1"]
[WhiteTeam "Vammala SK"]
[BlackTeam "Helsinki HSK"]
[WhiteTeamCountry "FIN"]
[BlackTeamCountry "FIN"]

1. e4 c5 2. Nf3 d6 3. Bb5+ Bd7 4. Bxd7+ Qxd7 5. c4 Nc6 6. Nc3 g6 7. d4 cxd4 8. Nxd4 Bg7 9. Be3 Nf6 10. f3 0-0 11. 0-0 a6 12. a4 e6 13. Qd2 Rfc8 14. b3 Qe7 15. Rad1 Nxd4 16. Bxd4 Rc6 17. Na2 Ne8 18. Be3 Rcc8 19. Bb6 Qf6 20. f4 Qb2 21. Qxb2 Bxb2 22. Rf2 Ba3 23. e5 Rc6 24. Be3 Rac8 25. Rfd2 f6 26. exd6 Nxd6 27. Rd3 a5 28. Nc3 Nf5 29. Bf2 Be7 30. Nb5 Kf8 31. Na7 Rb8 32. Nxc6 bxc6 33. g4 Nh6 34. h3 Nf7 35. Be1 e5 36. Bxa5 exf4 37. Bc7 Bc5+ 38. Kf1 Re8 39. Bxf4 Re4 40. Bg3 Ng5 41. Bd6+ Bxd6 42. Rxd6 Nxh3 43. R1d4 Ke7 44. Rd7+ Ke6 45. Rxe4+ Kxd7 46. b4 Ng5 47. Rd4+ Kc7 48. Rf4 h5 49. gxh5 gxh5 50. Rxf6 Ne4 51. Rf7+ Kb6 52. c5+ Ka6 53. Rc7 1-0

[Event "FIN-chT qual"]
[Site "Finland"]
[Date "2007.03.31"]
[Round "1"]
[White "Fieandt, John"]
[Black "Ivanov, Sergey A"]
[Result "0-1"]
[WhiteElo "2142"]
[BlackElo "2325"]
[PlyCount "118"]
[EventDate "2007.03.31"]
[EventType "team-match"]
[EventRounds "1"]
[EventCountry "FIN"]
[SourceTitle "CBM 117 Extra"]
[Source "ChessBase"]
[SourceDate "2007.05.09"]
[SourceVersion "1"]
[SourceVersionDate "2007.05.09"]
[SourceQuality "1"]

1. d4 Nf6 2. c4 e6 3. Nf3 d5 4. Nc3 c6 5. e3 a6 6. Bd3 b5 7. b3 Nbd7 8. 0-0 Bb7 9. a3 b4 10. axb4 Bxb4 11. Bd2 c5 12. cxd5 Bxc3 13. Bxc3 Nxd5 14. Bb2 cxd4 15. Bxd4 0-0 16. Qe2 Nb4 17. Bc4 Qe7 18. Ne5 Nxe5 19. Bxe5 f6 20. Bc3 Nd5 21. Bb2 Rfb8 22. Ba3 Qe8 23. Rfc1 Kh8 24. Qg4 e5 25. h4 Rd8 26. h5 Qd7 27. Qxd7 Rxd7 28. Bc5 Rc8 29. Bxa6 Bxa6 30. Rxa6 Rdc7 31. Raa1 Kg8 32. Ba3 Nc3 33. Kf1 Ne4 34. Ke2 Rxc1 35. Rxc1 Ra8 36. Ra1 Rb8 37. f3 Ng3+ 38. Kf2 Nxh5 39. Rb1 Ra8 40. Bc1 f5 41. b4 Nf6 42. b5 Nd7 43. Rb2 Kf7 44. Rc2 Rb8 45. Rd2 Nf6 46. Rb2 Ne8 47. Rb3 Nd6 48. Bb2 Ke6 49. b6 Nc4 50. b7 Nd6 51. f4 exf4 52. Bxg7 fxe3+ 53. Kxe3 Rxb7 54. Rxb7 Nxb7 55. Kf4 Nc5 56. Kf3 Kf7 57. Bh6 Kg6 58. Be3 Nd3 59. g4 Ne5+ 0-1

[Event "FIN-chT 0607"]
[Site "Finland"]
[Date "2007.02.10"]
[Round "7.7"]
[White "Fieandt, John"]
[Black "Hartio, Ilkka"]
[Result "1/2-1/2"]
[WhiteElo "2131"]
[BlackElo "2096"]
[PlyCount "37"]
[EventDate "2006.09.14"]
[EventType "team-tourn"]
[EventRounds "9"]
[EventCountry "FIN"]
[SourceTitle "EXT 2022"]
[Source "ChessBase"]
[SourceDate "2021.10.06"]
[SourceVersion "1"]
[SourceVersionDate "2021.10.06"]
[SourceQuality "1"]
[WhiteTeam "Helsinki HSK"]
[BlackTeam "Jyvaskyla JyS"]
[WhiteTeamCountry "FIN"]
[BlackTeamCountry "FIN"]

1. d4 Nf6 2. c4 g6 3. Nc3 d5 4. cxd5 Nxd5 5. e4 Nxc3 6. bxc3 Bg7 7. Be3 c5 8. Qd2 cxd4 9. cxd4 Nc6 10. Rd1 Qa5 11. Qxa5 Nxa5 12. Bd3 Bd7 13. Rc1 Rc8 14. Rxc8+ Bxc8 15. Ne2 0-0 16. d5 b6 17. Nd4 Rd8 18. Ke2 e6 19. Nc6 1/2-1/2